000 00410nam a2200145Ia 4500
008 231129s2007||||xx |||||||||||||| ||spa||
020 _a978-958-44-1835-7
040 _bspa
082 _aR 344.03 V252d
100 _aVanegas Castellanos Alfonso
245 0 _aDiccionario de derecho individual del trabajo
260 _c2007
264 _aNomos Impresores
942 _2ddc
_cBKS
999 _c9322
_d9322